[Event "ch-BLR, Minsk BLR"]
[Site "?"]
[Date "2005.??.??"]
[Round "8"]
[White "Azarov, S."]
[Black "Fedorov, Alex"]
[Result "1/2-1/2"]
[WhiteElo "2565"]
[BlackElo "2600"]
[PlyCount "37"]
[EventDate "2005.??.??"]
[SourceDate "1999.07.01"]

1. e4 c5 2. Nf3 Nc6 3. d4 cxd4 4. Nxd4 e5 5. Nb5 d6 6. c4 Be7 7. N1c3 a6 8. Na3
f5 9. Bd3 f4 10. g3 Nf6 11. gxf4 exf4 12. Bxf4 O-O 13. Bg3 Bh3 14. Bf1 Qd7 15.
Qd2 Bxf1 16. Rxf1 b5 17. cxb5 axb5 18. Naxb5 Nb4 19. f3 1/2-1/2

[Event "ch-BLR, Minsk BLR"]
[Site "?"]
[Date "2005.??.??"]
[Round "13"]
[White "Zhigalko, A."]
[Black "Fedorov, Alex"]
[Result "0-1"]
[WhiteElo "2530"]
[BlackElo "2600"]
[PlyCount "126"]
[EventDate "2005.??.??"]
[SourceDate "1999.07.01"]

1. e4 c5 2. Nf3 Nc6 3. d4 cxd4 4. Nxd4 e5 5. Nb5 d6 6. a4 Be6 7. N1c3 a6 8. Na3
Rc8 9. Bc4 Nd4 10. Ba2 Qh4 11. Be3 d5 12. Bxd5 Bxd5 13. exd5 Nf6 14. O-O Nf5
15. Qf3 Nxe3 16. Qxe3 Ng4 17. Qg3 Qxg3 18. hxg3 f5 19. Nd1 Kd7 20. c3 g6 21. b3
h5 22. Nc4 Bc5 23. Nde3 Rce8 24. Rfe1 Nf6 25. a5 f4 26. Nf1 Ng4 27. Ra2 Rhf8
28. Ree2 f3 29. gxf3 Rxf3 30. Nfe3 e4 31. Kg2 Nf6 32. Nd2 Bxe3 33. Nxf3 exf3+
34. Kxf3 Ba7 35. Rxe8 Nxe8 36. Kf4 Nf6 37. Kg5 Nxd5 38. Rd2 Ke6 39. Kxg6 Nxc3
40. f3 Bb8 41. Rg2 Bc7 42. Kxh5 Bxa5 43. Kg6 Nd5 44. Re2+ Kd6 45. f4 Bc3 46.
Kf5 a5 47. g4 b5 48. g5 a4 49. bxa4 b4 50. a5 b3 51. a6 b2 52. Rxb2 Bxb2 53. a7
Nc7 54. Kg6 Ke7 55. f5 Kf8 56. Kh7 Bc1 57. Kg6 Be3 58. f6 Bxa7 59. Kh7 Bd4 60.
Kg6 Kg8 61. Kf5 Kf7 62. Ke4 Ne6 63. Kf5 Nf8 0-1

[Event "Bundesliga 0304"]
[Site "Germany"]
[Date "2004.03.06"]
[Round "10.5"]
[White "Gallagher, Joseph G"]
[Black "Boensch, Uwe"]
[Result "0-1"]
[WhiteElo "2522"]
[BlackElo "2545"]
[PlyCount "128"]
[EventDate "2003.11.01"]
[EventType "team"]
[EventRounds "15"]
[EventCountry "GER"]
[Source "ChessBase"]
[SourceDate "2004.06.01"]

1. e4 c5 2. Nf3 Nc6 3. d4 cxd4 4. Nxd4 e5 5. Nb5 d6 6. N1c3 a6 7. Na3 b5 8. Nd5
Nce7 9. c4 Nxd5 10. cxd5 f5 11. exf5 Bxf5 12. Bd3 Qd7 13. Nc2 Nf6 14. O-O Be7
15. Bxf5 Qxf5 16. Ne3 Qd7 17. a4 O-O 18. axb5 Qxb5 19. Nf5 Rf7 20. Nxe7+ Rxe7
21. Bg5 Rf7 22. Bxf6 Rxf6 23. Qd2 Rf4 24. Ra5 Qb6 25. Ra3 Raf8 26. g3 Rd4 27.
Qe2 a5 28. Rc1 Rxd5 29. Rf3 Rc5 30. Rxf8+ Kxf8 31. Rd1 g6 32. Qd2 d5 33. h4 d4
34. Re1 Kg7 35. h5 Qb4 36. h6+ Kf6 37. Qe2 Ke7 38. Rd1 Qc4 39. Qg4 Qd5 40. Qg5+
Kf7 41. Qd2 Qf3 42. Rc1 Qc6 43. Re1 Kf6 44. Qe2 Kf7 45. Qd2 a4 46. Qe2 Kf6 47.
Qd2 Qd5 48. Qd3 Kf7 49. Qa6 Qd7 50. Qa8 d3 51. Qh8 Ke6 52. Qg8+ Kd6 53. Rd1 e4
54. b4 Rc8 55. Qa2 Ke7 56. Qd2 Qf5 57. Qe3 Rd8 58. b5 Kf7 59. b6 Rd7 60. Rb1 d2
61. Qe2 e3 62. Rd1 Qxf2+ 63. Qxf2+ exf2+ 64. Kxf2 a3 0-1

[Event "Keres mem rap"]
[Site "Tallinn"]
[Date "2004.01.03"]
[Round "3"]
[White "Brodsky, Michail"]
[Black "Sveshnikov, Evgeny"]
[Result "0-1"]
[WhiteElo "2528"]
[BlackElo "2557"]
[PlyCount "50"]
[EventDate "2004.01.03"]
[EventType "tourn (rapid)"]
[EventRounds "7"]
[EventCountry "EST"]
[EventCategory "15"]
[Source "ChessBase"]
[SourceDate "2004.06.01"]

1. e4 c5 2. Nf3 Nc6 3. d4 cxd4 4. Nxd4 e5 5. Nb5 d6 6. c4 Be7 7. N1c3 a6 8. Na3
f5 9. g3 Nf6 10. Bg2 O-O 11. O-O Qe8 12. Nd5 Nxd5 13. Qxd5+ Kh8 14. exf5 Bxf5
15. Be3 Qg6 16. Rfd1 Rad8 17. h3 Bg5 18. Bxg5 Qxg5 19. Qd2 Qg6 20. Qe3 Nd4 21.
Rxd4 exd4 22. Qxd4 Bd7 23. Qb6 Be6 24. Rd1 Rde8 25. Bf1 Qe4 0-1

[Event "Corus-B"]
[Site "Wijk aan Zee"]
[Date "2004.01.19"]
[Round "8"]
[White "Dominguez, Lenier"]
[Black "Van der Wiel, John TH"]
[Result "1-0"]
[WhiteElo "2605"]
[BlackElo "2542"]
[PlyCount "78"]
[EventDate "2004.01.10"]
[EventType "tourn"]
[EventRounds "13"]
[EventCountry "NED"]
[EventCategory "13"]
[Source "ChessBase"]
[SourceDate "2004.03.30"]

1. e4 c5 2. Nf3 Nc6 3. d4 cxd4 4. Nxd4 e5 5. Nb5 d6 6. N1c3 a6 7. Na3 b5 8. Nd5
Nf6 9. Bg5 Be7 10. Bxf6 Bxf6 11. c3 Bg5 12. Nc2 O-O 13. a4 bxa4 14. Rxa4 a5 15.
Bb5 Ne7 16. Nxe7+ Qxe7 17. Nb4 Bg4 18. Qa1 Qb7 19. Bc6 Qb6 20. Bxa8 Bd2+ 21.
Kf1 Qb5+ 22. Kg1 Rxa8 23. Nd5 Bd7 24. Ra2 Qb3 25. h3 a4 26. Kh2 Rb8 27. Rd1 Bg5
28. Kg1 h5 29. Nb4 Rb6 30. Qb1 Bb5 31. Ra3 Qc4 32. Nd5 Rc6 33. b3 axb3 34. Rxb3
Ba6 35. Rb8+ Kh7 36. Nb4 Rc8 37. Nxa6 Qxa6 38. Rxc8 Qxc8 39. Qd3 Be7 1-0

[Event "Nova Gorica HIT op 9th"]
[Site "Nova Gorica"]
[Date "2004.02.03"]
[Round "7"]
[White "Kovacevic, Aleksandar"]
[Black "Sveshnikov, Evgeny"]
[Result "1-0"]
[WhiteElo "2541"]
[BlackElo "2557"]
[PlyCount "120"]
[EventDate "2004.01.30"]
[EventType "swiss"]
[EventRounds "9"]
[EventCountry "SLO"]
[Source "ChessBase"]
[SourceDate "2004.03.10"]

1. e4 c5 2. Nf3 Nc6 3. d4 cxd4 4. Nxd4 e5 5. Nb5 d6 6. N1c3 a6 7. Na3 b5 8. Nd5
Nce7 9. c4 Nxd5 10. exd5 bxc4 11. Nxc4 Nf6 12. Bd2 a5 13. Qb3 Bd7 14. Qb6 Qb8
15. Qxb8+ Rxb8 16. Bxa5 Nxd5 17. Rd1 Bc6 18. b3 Be7 19. f3 O-O 20. Kf2 Ra8 21.
a3 e4 22. Bd2 Rfe8 23. Be2 Bf6 24. fxe4 Bd4+ 25. Kf1 Nf6 26. Nxd6 Re6 27. Bb4
Be5 28. Bc4 Rxd6 29. Rxd6 Bxd6 30. Bxd6 Nxe4 31. Bb4 Re8 32. Rg1 h5 33. g4 h4
34. Rg2 h3 35. Rc2 g6 36. Bxf7+ Kxf7 37. Rxc6 Rd8 38. Ke2 Nf6 39. Rc7+ Ke6 40.
Re7+ Kd5 41. Re3 Rc8 42. Rxh3 Rc2+ 43. Kd1 Rg2 44. Rd3+ Ke4 45. Rd2 Rxg4 46.
Bc3 Rg1+ 47. Kc2 Ng4 48. b4 Rh1 49. b5 Ne3+ 50. Kb3 Rb1+ 51. Bb2 Nf1 52. Rc2
Ne3 53. Rc1 Rxc1 54. Bxc1 Nd5 55. a4 Kd4 56. Ba3 Nc7 57. Bd6 Ne8 58. Bg3 Nf6
59. b6 Nd7 60. Kb4 Nxb6 1-0

[Event "Petrosian mem"]
[Site "Stepanakert"]
[Date "2004.03.17"]
[Round "9"]
[White "Asrian, Karen"]
[Black "Sveshnikov, Evgeny"]
[Result "1/2-1/2"]
[WhiteElo "2599"]
[BlackElo "2557"]
[PlyCount "36"]
[EventDate "2004.03.09"]
[EventType "tourn"]
[EventRounds "9"]
[EventCountry "AZE"]
[EventCategory "13"]
[Source "ChessBase"]
[SourceDate "2004.06.01"]

1. e4 c5 2. Nf3 Nc6 3. d4 cxd4 4. Nxd4 e5 5. Nb5 d6 6. c4 Be7 7. N1c3 a6 8. Na3
f5 9. exf5 Bxf5 10. Nc2 Nf6 11. Ne3 Be6 12. g3 Rc8 13. Bg2 Na5 14. O-O O-O 15.
Ncd5 Nxc4 16. Nxf6+ Rxf6 17. Bxb7 Nxe3 18. Bxe3 Rb8 1/2-1/2

[Event "Degremont GP"]
[Site "Clichy"]
[Date "2004.03.13"]
[Round "2.2"]
[White "Bauer, Christian"]
[Black "Tregubov, Pavel V"]
[Result "0-1"]
[WhiteElo "2599"]
[BlackElo "2628"]
[PlyCount "136"]
[EventDate "2004.03.13"]
[EventType "k.o."]
[EventRounds "3"]
[EventCountry "FRA"]
[Source "ChessBase"]
[SourceDate "2004.06.01"]

1. e4 c5 2. Nf3 Nc6 3. d4 cxd4 4. Nxd4 e5 5. Nb5 d6 6. N1c3 a6 7. Na3 b5 8. Nd5
Nf6 9. Bg5 Be7 10. Bxf6 Bxf6 11. c3 O-O 12. Nc2 Bg5 13. Be2 Rb8 14. O-O a5 15.
b4 axb4 16. Ncxb4 Nxb4 17. cxb4 Bd7 18. Bg4 Bc6 19. Qd3 Rb7 20. Rfd1 Qa8 21. a3
Ra7 22. Ra2 Qb7 23. Rc2 Rfa8 24. Rc3 g6 25. h3 Kg7 26. Qc2 Ra6 27. Be2 Bd8 28.
Bf1 Be8 29. Rdd3 Rc6 30. Rxc6 Bxc6 31. Qd2 Ra6 32. Rc3 Bd7 33. Qd3 Qa7 34. g3
Bc6 35. h4 Bxd5 36. Qxd5 Bb6 37. Qd2 Bd4 38. Rf3 Rxa3 39. Rxa3 Qxa3 40. Kg2 Qa8
41. Qc2 Qb7 42. Bd3 d5 43. Qe2 dxe4 44. Bxe4 Qd7 45. Qf3 Qd6 46. Bc6 Qxb4 47.
Be8 Qc4 48. Bc6 b4 49. Bd5 Qc7 50. h5 f5 51. hxg6 hxg6 52. Qd3 Qc5 53. Bb3 Qc6+
54. f3 Kf6 55. Qc4 Qxc4 56. Bxc4 e4 57. fxe4 fxe4 58. Bb3 Ke5 59. Kf1 g5 60.
Ke2 Bc5 61. Bc2 Kd4 62. Ba4 Bd6 63. g4 Bf4 64. Bc2 e3 65. Kd1 Kc3 66. Bf5 b3
67. Ke2 Kb2 68. Kd3 Kc1 0-1

[Event "FRA Cup"]
[Site "Paris"]
[Date "2004.05.23"]
[Round "5"]
[White "Almasi, Zoltan"]
[Black "Lautier, Joel"]
[Result "1/2-1/2"]
[WhiteElo "2631"]
[BlackElo "2680"]
[PlyCount "47"]
[EventDate "2004.05.22"]
[EventType "team"]
[EventRounds "5"]
[EventCountry "FRA"]
[Source "ChessBase"]
[SourceDate "2004.07.06"]

1. e4 c5 2. Nf3 Nc6 3. d4 cxd4 4. Nxd4 e5 5. Nb5 d6 6. c4 Be7 7. Bd3 a6 8. N5c3
Bg5 9. Na3 Bxc1 10. Rxc1 Nf6 11. Nc2 O-O 12. O-O Be6 13. Qd2 Qb8 14. Rfe1 Rc8
15. b3 Qa7 16. Bf1 Rd8 17. Rcd1 Rac8 18. Re3 Rd7 19. g3 Bg4 20. Rc1 Nd4 21. Kg2
Rdd8 22. Rd3 Nxc2 23. Rxc2 Qb8 24. f3 1/2-1/2

[Event "ACP Blitz Prelim4 3rd"]
[Site "playchess.com INT"]
[Date "2004.06.03"]
[Round "4"]
[White "Jakovenko, Dmitrij"]
[Black "Shabalov, Alexander"]
[Result "1-0"]
[WhiteElo "2581"]
[BlackElo "2623"]
[PlyCount "61"]
[EventDate "2004.06.03"]
[EventType "tourn (blitz)"]
[EventRounds "22"]
[EventCountry "GER"]
[EventCategory "9"]
[Source "ChessBase"]
[SourceDate "2004.07.06"]

1. e4 c5 2. Nf3 Nc6 3. d4 cxd4 4. Nxd4 e5 5. Nb5 d6 6. c4 Be7 7. N1c3 f5 8.
exf5 Bxf5 9. Bd3 Be6 10. Nd5 Rc8 11. Be4 a6 12. Nxe7 Kxe7 13. Nc3 Nf6 14. O-O
Bxc4 15. Re1 Re8 16. Bg5 Kf8 17. Bxh7 d5 18. Bg6 Re7 19. Qf3 Qd6 20. Qh3 Rec7
21. Rad1 Ne7 22. Ne4 Nxe4 23. Bxe4 Qd7 24. Bxe7+ Kxe7 25. Bf5 Qc6 26. Rxe5+ Kf8
27. Qh8+ Kf7 28. Qh5+ Kf8 29. Be6 Re8 30. Qh8+ Ke7 31. Bxd5+ 1-0

[Event "ACP Blitz Prelim4 3rd"]
[Site "playchess.com INT"]
[Date "2004.06.04"]
[Round "20"]
[White "Jakovenko, Dmitrij"]
[Black "Lautier, Joel"]
[Result "1/2-1/2"]
[WhiteElo "2581"]
[BlackElo "2676"]
[PlyCount "118"]
[EventDate "2004.06.03"]
[EventType "tourn (blitz)"]
[EventRounds "22"]
[EventCountry "GER"]
[EventCategory "9"]
[Source "ChessBase"]
[SourceDate "2004.07.06"]

1. e4 c5 2. Nf3 Nc6 3. d4 cxd4 4. Nxd4 e5 5. Nb5 d6 6. c4 Be7 7. N1c3 a6 8. Na3
f5 9. exf5 Bxf5 10. Bd3 Be6 11. O-O Nf6 12. Nc2 O-O 13. a4 Kh8 14. Be3 Ng4 15.
b3 Qe8 16. Be4 Rc8 17. h3 Nxe3 18. fxe3 Rxf1+ 19. Qxf1 Qh5 20. Qf3 Qh6 21. Rf1
g6 22. Nd5 Rf8 23. Qe2 Bg5 24. Rxf8+ Qxf8 25. Qf3 Qxf3 26. Bxf3 Bf5 27. Ne1 Kg7
28. Kf2 Kf7 29. Nc3 Ke7 30. Be4 h5 31. Nf3 Bh6 32. Nh4 Kf6 33. Nd5+ Ke6 34.
Nc7+ Kd7 35. Bxf5+ gxf5 36. Nxf5 Kxc7 37. Nxh6 Na5 38. g4 hxg4 39. Nxg4 Kd7 40.
h4 Ke6 41. h5 Kf5 42. h6 Kg6 43. Kf3 Nxb3 44. Ke4 Nc5+ 45. Kd5 Nxa4 46. Kxd6
Nb2 47. Kc5 e4 48. Kb4 b6 49. Kc3 Nd3 50. Kd4 Nc5 51. Nf2 Kxh6 52. Nxe4 Nxe4
53. Kxe4 Kg6 54. Kd4 a5 55. c5 bxc5+ 56. Kxc5 a4 57. Kb4 Kf5 58. Kxa4 Ke4 59.
Kb4 Kxe3 1/2-1/2

[Event "ACP Blitz Prelim5 3rd"]
[Site "playchess.com INT"]
[Date "2004.06.03"]
[Round "6"]
[White "Socko, Bartosz"]
[Black "Tregubov, Pavel V"]
[Result "1/2-1/2"]
[WhiteElo "2556"]
[BlackElo "2628"]
[PlyCount "145"]
[EventDate "2004.06.03"]
[EventType "tourn (blitz)"]
[EventRounds "22"]
[EventCountry "GER"]
[EventCategory "11"]
[Source "ChessBase"]
[SourceDate "2004.07.06"]

1. e4 c5 2. Nf3 Nc6 3. d4 cxd4 4. Nxd4 e5 5. Nb5 d6 6. c4 Be7 7. Be2 a6 8. N5c3
f5 9. O-O Nf6 10. exf5 Bxf5 11. Be3 O-O 12. Nd2 Kh8 13. Nd5 b5 14. Nxe7 Qxe7
15. cxb5 axb5 16. Bxb5 Qb7 17. Bxc6 Qxc6 18. Rc1 Qd5 19. Nc4 Rxa2 20. Qxd5 Nxd5
21. Nxd6 Bd3 22. Rfe1 Rxb2 23. Nf7+ Kg8 24. Nxe5 Bb5 25. Rb1 Rxb1 26. Rxb1 Nxe3
27. Rxb5 Nf5 28. f3 h6 29. Ng6 Rf6 30. Rb8+ Kf7 31. Ne5+ Ke6 32. Ng4 Rf7 33.
Rb6+ Kd5 34. Kf2 Nd6 35. Ne3+ Kc5 36. Ra6 Rb7 37. Ra5+ Kc6 38. g4 Kd7 39. Kg3
Ke6 40. Ra6 Kd7 41. h4 Rb3 42. Nd5 Ne4+ 43. Kf4 Nd2 44. Ra7+ Kd6 45. Ne3 Rb4+
46. Kg3 Rb3 47. Kf2 Rb2 48. Kg3 Rb3 49. Kf2 Rb2 50. Ra6+ Kc5 51. Kg3 Rb3 52.
Kf4 g5+ 53. hxg5 hxg5+ 54. Kxg5 Rxe3 55. f4 Nf3+ 56. Kg6 Kd5 57. f5 Ne5+ 58.
Kh5 Rh3+ 59. Kg5 Rg3 60. Ra5+ Kd6 61. Ra6+ Kc7 62. Kf4 Rxg4+ 63. Kxe5 Kd7 64.
Ra7+ Ke8 65. Kf6 Rg1 66. Ra8+ Kd7 67. Kf7 Rg2 68. f6 Rg1 69. Kf8 Rh1 70. f7
Rh8+ 71. Kg7 Rxa8 72. f8=Q Rxf8 73. Kxf8 1/2-1/2

[Event "Castellar del Valles op 13th"]
[Site "Castellar del Valles"]
[Date "2004.07.16"]
[Round "3"]
[White "Korneev, Oleg"]
[Black "Grigore, George Gabriel"]
[Result "1-0"]
[WhiteElo "2587"]
[BlackElo "2507"]
[PlyCount "96"]
[EventDate "2004.07.14"]
[EventType "swiss"]
[EventRounds "9"]
[EventCountry "ESP"]
[Source "ChessBase"]
[SourceDate "2004.09.01"]

1. e4 c5 2. Nf3 Nc6 3. d4 cxd4 4. Nxd4 e5 5. Nb5 d6 6. c4 Be7 7. b3 Nf6 8. Bd3
O-O 9. O-O Nd7 10. N1c3 a6 11. Na3 Nc5 12. Nc2 Rb8 13. Ba3 Kh8 14. Nd5 Bg5 15.
Re1 b5 16. Bxc5 dxc5 17. cxb5 axb5 18. a4 b4 19. Nce3 Be6 20. Bb5 Bxe3 21. fxe3
Na5 22. Rc1 Qd6 23. Qc2 Rfc8 24. Red1 Qf8 25. Bc4 f6 26. h3 Qf7 27. Kh2 Qf8 28.
Be2 Qf7 29. Qd3 h6 30. Qb1 Qa7 31. Bc4 Bg8 32. Qc2 Bh7 33. Bb5 Bg8 34. Bc4 Bh7
35. Bb5 Bg8 36. Rf1 Be6 37. Rf2 Qf7 38. Rcf1 Bxd5 39. exd5 Qxd5 40. Qg6 e4 41.
Rxf6 Qe5+ 42. R6f4 Nxb3 43. Kh1 Nd2 44. R1f2 c4 45. Bd7 Qg5 46. Qd6 Rd8 47. Rf5
Rxd7 48. Qxb8+ Rd8 1-0

[Event "Amsterdam ACT op"]
[Site "Amsterdam"]
[Date "2004.07.20"]
[Round "4"]
[White "Acs, Peter"]
[Black "Tregubov, Pavel V"]
[Result "1/2-1/2"]
[WhiteElo "2545"]
[BlackElo "2628"]
[PlyCount "51"]
[EventDate "2004.07.17"]
[EventType "swiss"]
[EventRounds "9"]
[EventCountry "NED"]
[Source "ChessBase"]
[SourceDate "2004.09.01"]

1. e4 c5 2. Nf3 Nc6 3. d4 cxd4 4. Nxd4 e5 5. Nb5 d6 6. c4 Be7 7. N1c3 a6 8. Na3
f5 9. exf5 Bxf5 10. Nc2 Nf6 11. Ne3 Be6 12. g3 Nd4 13. Bg2 b5 14. O-O bxc4 15.
Qa4+ Kf7 16. f4 Rc8 17. f5 Bd7 18. Qxa6 Rf8 19. Nxc4 Bxf5 20. Bg5 Be6 21. Bxf6
gxf6 22. Ne3 Kg7 23. Bd5 Bh3 24. Bg2 Be6 25. Bd5 Bh3 26. Bg2 1/2-1/2

[Event "Balatonlelle op"]
[Site "Balatonlelle"]
[Date "2004.07.26"]
[Round "8"]
[White "Sax, Gyula"]
[Black "Horvath, Peter"]
[Result "1-0"]
[WhiteElo "2535"]
[BlackElo "2503"]
[PlyCount "83"]
[EventDate "2004.07.19"]
[EventType "swiss"]
[EventRounds "9"]
[EventCountry "HUN"]
[Source "ChessBase"]
[SourceDate "2004.09.01"]

1. e4 c5 2. Nf3 Nc6 3. d4 cxd4 4. Nxd4 e5 5. Nb5 d6 6. N1c3 a6 7. Na3 b5 8. Nd5
Nge7 9. Be3 Nxd5 10. exd5 Ne7 11. c4 Nf5 12. Bd2 Qh4 13. Bd3 Be7 14. O-O O-O
15. cxb5 Nd4 16. Be3 Bb7 17. f4 Nxb5 18. Nxb5 axb5 19. Bxb5 exf4 20. Bxf4 Bg5
21. g3 Qh6 22. Bc6 Rab8 23. b4 Bxc6 24. dxc6 Rxb4 25. Qd2 Bxf4 26. Qxb4 Be3+
27. Kg2 Qe6 28. Qb3 Qe4+ 29. Rf3 Bc5 30. c7 Qc6 31. a4 Qxc7 32. a5 Ba7 33. Qd5
h6 34. Raf1 Qe7 35. a6 Bc5 36. h4 Qe2+ 37. Kh3 Qxa6 38. Rxf7 Rxf7 39. Qxf7+ Kh7
40. Qf5+ Kh8 41. Re1 Qa4 42. Qg6 1-0

[Event "UKR-ch 73rd"]
[Site "Kharkov"]
[Date "2004.08.31"]
[Round "4.2"]
[White "Volokitin, Andrei"]
[Black "Moiseenko, Alexander"]
[Result "1-0"]
[WhiteElo "2638"]
[BlackElo "2640"]
[PlyCount "77"]
[EventDate "2004.08.03"]
[EventType "k.o."]
[EventRounds "5"]
[EventCountry "UKR"]
[Source "ChessBase"]
[SourceDate "2004.11.11"]

1. e4 c5 2. Nf3 Nc6 3. d4 cxd4 4. Nxd4 e5 5. Nb5 d6 6. c4 Be7 7. N1c3 a6 8. Na3
Be6 9. Nc2 Bg5 10. Bxg5 Qxg5 11. h4 Qd8 12. Qd2 Nf6 13. O-O-O Qb6 14. f4 exf4
15. Qxd6 Rd8 16. Qxf4 Rxd1+ 17. Nxd1 O-O 18. Nc3 Rc8 19. Nd5 Bxd5 20. exd5 Nxd5
21. cxd5 Nb4 22. Bc4 Nxc2 23. Kxc2 Qg6+ 24. Kc3 b5 25. Re1 bxc4 26. Qe4 Qf6+
27. Qe5 Qd8 28. d6 h6 29. Re4 Qd7 30. Qd5 Rf8 31. Rxc4 a5 32. b3 Kh8 33. Kb2
Re8 34. Qc6 Qe6 35. d7 Qe5+ 36. Rc3 Qe2+ 37. Rc2 Qe5+ 38. Qc3 Qxc3+ 39. Rxc3
1-0

[Event "Montreal-A 5th"]
[Site "Montreal"]
[Date "2004.08.12"]
[Round "8"]
[White "Efimenko, Zahar"]
[Black "Moiseenko, Alexander"]
[Result "1/2-1/2"]
[WhiteElo "2572"]
[BlackElo "2640"]
[PlyCount "26"]
[EventDate "2004.08.04"]
[EventType "tourn"]
[EventRounds "11"]
[EventCountry "CAN"]
[EventCategory "12"]
[Source "ChessBase"]
[SourceDate "2004.11.11"]

1. e4 c5 2. Nf3 Nc6 3. d4 cxd4 4. Nxd4 e5 5. Nb5 d6 6. c4 Be7 7. N1c3 a6 8. Na3
Be6 9. Nc2 Bg5 10. Be2 h6 11. O-O Nf6 12. b3 Bxc1 13. Rxc1 O-O 1/2-1/2

[Event "Riga op"]
[Site "Riga"]
[Date "2004.08.17"]
[Round "4"]
[White "Stefansson, Hannes"]
[Black "Sveshnikov, Evgeny"]
[Result "1/2-1/2"]
[WhiteElo "2549"]
[BlackElo "2508"]
[PlyCount "57"]
[EventDate "2004.08.15"]
[EventType "swiss"]
[EventRounds "9"]
[EventCountry "LAT"]
[Source "ChessBase"]
[SourceDate "2004.09.01"]

1. e4 c5 2. Nf3 Nc6 3. d4 cxd4 4. Nxd4 e5 5. Nb5 d6 6. N1c3 a6 7. Na3 b5 8. Nd5
Nf6 9. c4 b4 10. Nxf6+ Qxf6 11. Nc2 Be7 12. g3 Bb7 13. Bg2 O-O 14. O-O Bd8 15.
Be3 a5 16. Qd2 Qe6 17. b3 Be7 18. Qd3 Kh8 19. Rfd1 g6 20. Bh6 Rfd8 21. Bc1 Nb8
22. a3 bxa3 23. Nxa3 Na6 24. Nb5 Nc5 25. Qc2 Rdc8 26. Be3 Bc6 27. Nc3 Rcb8 28.
Ra3 a4 29. Bxc5 1/2-1/2

[Event "CRO-chT"]
[Site "Rabac"]
[Date "2004.09.09"]
[Round "5"]
[White "Palac, Mladen"]
[Black "Fedorov, Alexei"]
[Result "1/2-1/2"]
[WhiteElo "2549"]
[BlackElo "2620"]
[PlyCount "33"]
[EventDate "2004.09.05"]
[EventType "team"]
[EventRounds "9"]
[EventCountry "CRO"]
[Source "ChessBase"]
[SourceDate "2004.11.03"]

1. e4 c5 2. Nf3 Nc6 3. d4 cxd4 4. Nxd4 e5 5. Nb5 d6 6. N1c3 a6 7. Na3 b5 8. Nd5
Nf6 9. c4 b4 10. Nxf6+ Qxf6 11. Nc2 Qg6 12. Ne3 Be7 13. g3 O-O 14. Bg2 Bb7 15.
O-O a5 16. Nd5 Bd8 17. Be3 1/2-1/2

[Event "Pedro Zabala mem"]
[Site "Bilbao"]
[Date "2004.10.12"]
[Round "9"]
[White "Bauer, Christian"]
[Black "Moiseenko, Alexander"]
[Result "1/2-1/2"]
[WhiteElo "2622"]
[BlackElo "2653"]
[PlyCount "90"]
[EventDate "2004.10.12"]
[EventType "swiss (rapid)"]
[EventRounds "7"]
[EventCountry "ESP"]
[Source "ChessBase"]
[SourceDate "2004.11.03"]

1. e4 c5 2. Nf3 Nc6 3. d4 cxd4 4. Nxd4 e5 5. Nb5 d6 6. N1c3 a6 7. Na3 Be7 8.
Nc4 b5 9. Ne3 Nf6 10. g3 h5 11. Bg2 h4 12. O-O hxg3 13. fxg3 Be6 14. a4 Nd4 15.
Ncd5 bxa4 16. Rxa4 Nxd5 17. exd5 Bd7 18. c3 Ne2+ 19. Qxe2 Bxa4 20. Qg4 Bd7 21.
Qxg7 Rf8 22. Ng4 Bxg4 23. Qxg4 Qd7 24. Qh5 Qb5 25. Bh6 O-O-O 26. Bxf8 Rxf8 27.
Rxf7 Rxf7 28. Qxf7 Bd8 29. Qe6+ Kb8 30. Qxd6+ Bc7 31. Qf8+ Ka7 32. d6 Qb6+ 33.
Kh1 Qxd6 34. Qa8+ Kb6 35. Qb7+ Ka5 36. Qd5+ Qxd5 37. Bxd5 Kb6 38. Kg2 Kc5 39.
Be4 Kc4 40. Bc2 e4 41. Bxe4 Kb3 42. Bd3 a5 43. Bb5 a4 44. g4 Bf4 45. g5 Bxg5
1/2-1/2

[Event "Calvia ol (Men)"]
[Site "Mallorca"]
[Date "2004.10.20"]
[Round "6"]
[White "Varga, Zoltan"]
[Black "Sveshnikov, Evgeny"]
[Result "1/2-1/2"]
[WhiteElo "2538"]
[BlackElo "2512"]
[PlyCount "40"]
[EventDate "2004.10.15"]
[EventType "team"]
[EventRounds "14"]
[EventCountry "ESP"]
[Source "ChessBase"]
[SourceDate "2005.01.27"]

1. e4 c5 2. Nf3 Nc6 3. d4 cxd4 4. Nxd4 e5 5. Nb5 d6 6. Be3 a6 7. N5c3 Nf6 8.
Bc4 Be7 9. Nd5 O-O 10. Bb6 Qd7 11. Nbc3 Nxd5 12. Nxd5 Bd8 13. O-O Ne7 14. Be3
b5 15. Bb3 Bb7 16. c3 Rb8 17. Qd3 Bxd5 18. Bxd5 Nxd5 19. Qxd5 Bb6 20. Bxb6 Rxb6
1/2-1/2

[Event "Calvia ol (Men)"]
[Site "Mallorca"]
[Date "2004.10.23"]
[Round "8"]
[White "Cheparinov, Ivan"]
[Black "Moiseenko, Alexander"]
[Result "0-1"]
[WhiteElo "2576"]
[BlackElo "2653"]
[PlyCount "74"]
[EventDate "2004.10.15"]
[EventType "team"]
[EventRounds "14"]
[EventCountry "ESP"]
[Source "ChessBase"]
[SourceDate "2005.01.27"]

1. e4 c5 2. Nf3 Nc6 3. d4 cxd4 4. Nxd4 e5 5. Nb5 d6 6. N1c3 a6 7. Na3 Be7 8.
Nc4 b5 9. Ne3 Nf6 10. g3 h5 11. Bg2 h4 12. O-O Nd4 13. Ncd5 Nxd5 14. Nxd5 Be6
15. c3 Bxd5 16. exd5 Nf5 17. a4 hxg3 18. hxg3 Rb8 19. axb5 axb5 20. Ra6 g6 21.
Qd3 Kf8 22. f4 Rb6 23. Ra7 Qb8 24. Ra1 Kg7 25. Bd2 Qc8 26. b4 Ra6 27. fxe5 Rxa1
28. Rxa1 dxe5 29. Qxb5 Nxg3 30. Ra7 Qg4 31. Rxe7 Qd1+ 32. Bf1 Rh1+ 33. Kg2 Rxf1
34. Qd3 Rg1+ 35. Kh2 Rh1+ 36. Kg2 Qg1+ 37. Kf3 Nf5 0-1

[Event "Calvia ol (Men)"]
[Site "Mallorca"]
[Date "2004.10.25"]
[Round "10"]
[White "Zelcic, Robert"]
[Black "Fedorov, Alexei"]
[Result "1/2-1/2"]
[WhiteElo "2531"]
[BlackElo "2619"]
[PlyCount "152"]
[EventDate "2004.10.15"]
[EventType "team"]
[EventRounds "14"]
[EventCountry "ESP"]
[Source "ChessBase"]
[SourceDate "2005.01.27"]

1. e4 c5 2. Nf3 Nc6 3. d4 cxd4 4. Nxd4 e5 5. Nb5 d6 6. N1c3 a6 7. Na3 Be7 8.
Nd5 Nf6 9. Nxf6+ Bxf6 10. Nc4 Be7 11. Be3 Be6 12. Be2 O-O 13. O-O b5 14. Nb6
Rb8 15. Nd5 Bg5 16. Bxg5 Qxg5 17. c3 Rfd8 18. Re1 Ne7 19. Qc1 Qxc1 20. Nxe7+
Kf8 21. Rexc1 Kxe7 22. b4 d5 23. exd5 Rxd5 24. a4 Rd2 25. Bf1 Bc4 26. axb5 Bxf1
27. Kxf1 axb5 28. Ra5 Ke6 29. g3 h5 30. h4 g6 31. Ra6+ Kf5 32. c4 Rc8 33. c5
Rb2 34. c6 Rxb4 35. Rc5 Rc4 36. Rxb5 R8xc6 37. Rxc6 Rxc6 38. Kg2 Rd6 39. Ra5
Kf6 40. Ra4 Rd5 41. Rb4 Kf5 42. Rb7 f6 43. Rb6 e4 44. Rb8 Re5 45. Rb3 Ke6 46.
Rb6+ Kf7 47. Rb7+ Re7 48. Rb3 f5 49. Ra3 Kf6 50. Rb3 Re6 51. Ra3 Rd6 52. Rb3
Ke5 53. Kf1 Rc6 54. Rb4 Rc1+ 55. Ke2 Rc2+ 56. Ke3 Rc3+ 57. Ke2 Rd3 58. Rb5+ Rd5
59. Rb6 Rd6 60. Rb8 Kf6 61. Rf8+ Kg7 62. Ra8 Rd3 63. Ra7+ Kh6 64. Re7 Ra3 65.
Rb7 f4 66. gxf4 Rh3 67. Re7 Rxh4 68. Rxe4 Kg7 69. Kf3 Kf6 70. Ra4 Rh3+ 71. Kg2
Rd3 72. Ra5 h4 73. Rg5 h3+ 74. Kh2 Rf3 75. Rg3 Rxf2+ 76. Kxh3 Rxf4 1/2-1/2